Les vies des hommes illustres. (Record no. 162329)
[ view plain ]
| 000 -LEADER | |
|---|---|
| campo de control de longitud fija | 01236nam a22003015i 4500 |
| 001 - NÚMERO DE CONTROL | |
| campo de control | 162329 |
| 003 - IDENTIFICADOR DE NÚMERO DE CONTROL | |
| campo de control | ES-MaACL |
| 005 - FECHA Y HORA DE LA ÚLTIMA TRANSACCIÓN | |
| campo de control | 20250821085046.0 |
| 008 - DATOS DE LONGITUD FIJA--INFORMACIÓN GENERAL | |
| campo de control de longitud fija | 041112s1803 fr |||| | fre d |
| 040 ## - FUENTE DE CATALOGACIÓN | |
| Centro catalogador/agencia de origen | CAM |
| Lengua de catalogación | spa |
| Centro/agencia transcriptor | CAM |
| 100 0# - ENTRADA PRINCIPAL--NOMBRE DE PERSONA | |
| Nombre de persona | Plutarco |
| 9 (RLIN) | 92678 |
| 245 14 - MENCIÓN DEL TÍTULO | |
| Título | Les vies des hommes illustres. |
| Número de parte o sección de la obra | Tome douzième / |
| Mención de responsabilidad, etc. | de Plutarque ; traduites en françois, avec des remarques historiques et critiques, par M. Dacier. |
| 250 ## - MENCION DE EDICION | |
| Mención de edición | Nouv. éd., rev. et corr. |
| 260 ## - PUBLICACIÓN, DISTRIBUCIÓN, ETC. | |
| Lugar de publicación, distribución, etc. | A Lyon : |
| Nombre del editor, distribuidor, etc. | chez Amable Leroy, |
| Fecha de publicación, distribución, etc. | 1803. |
| 300 ## - DESCRIPCIÓN FÍSICA | |
| Extensión | [4], 402 p., [1] h. en bl., [4] h. de grab. ; |
| Dimensiones | 17 cm. |
| 505 8# - NOTA DE CONTENIDO CON FORMATO | |
| Nota de contenido con formato | Contiene, según consta en port.: Dion, Brutus, Artaxerxe, Aratus |
| 595 ## - | |
| -- | Dato de ed. precede a mención de parte. |
| 597 ## - NOTA DE DESCRIPCIÓN FÍSICA | |
| NOTA DE DESCRIPCIÓN FÍSICA | Sign.: []2, A-Q12, R10. |
| 597 ## - NOTA DE DESCRIPCIÓN FÍSICA | |
| NOTA DE DESCRIPCIÓN FÍSICA | Antep. |
| 599 ## - NOTA A LAS ILUSTRACIONES | |
| NOTA A LAS ILUSTRACIONES | Las h. de grab. xil., retratos de los biografiados. |
| 600 04 - PUNTO DE ACCESO ADICIONAL DE MATERIA--NOMBRE DE PERSONA | |
| Nombre de persona | Dión. |
| 9 (RLIN) | 126807 |
| 600 14 - PUNTO DE ACCESO ADICIONAL DE MATERIA--NOMBRE DE PERSONA | |
| Nombre de persona | Arato de Solos. |
| 9 (RLIN) | 125690 |
| 600 17 - PUNTO DE ACCESO ADICIONAL DE MATERIA--NOMBRE DE PERSONA | |
| Nombre de persona | Bruto, Marco Junio |
| Fuente del encabezamiento o término | embne |
| 9 (RLIN) | 149936 |
| 600 14 - PUNTO DE ACCESO ADICIONAL DE MATERIA--NOMBRE DE PERSONA | |
| Nombre de persona | Artajerjes |
| Numeración | I |
| Títulos y otros términos asociados al nombre | Rey de Persia. |
| 9 (RLIN) | 149937 |
| 700 1# - ENTRADA AGREGADA--NOMBRE PERSONAL | |
| Nombre de persona | Dacier, André, |
| Fechas asociadas al nombre | 1651-1722 |
| 9 (RLIN) | 126689 |
| 852 ## - LOCALIZACIÓN | |
| Ubicación | ES-MaACL |
| Número de control de estantería | Z-264 |
| Nota libre | -- Enc. pasta española |
| -- | -- Ex-libris ms. de Juan Antonio Posse, cura de San Andrés |
| Estatus retirado | Estado de pérdida | Estado de daño | No para préstamo | Colección | Biblioteca de origen | Biblioteca actual | Ubicación en estantería | Fecha de adquisición | Total de préstamos | Signatura topográfica completa | Código de barras | Visto por última vez | Precio de reemplazo | Tipo de ítem Koha |
|---|---|---|---|---|---|---|---|---|---|---|---|---|---|---|
| Libros del s. XIX | Biblioteca del Ateneo de Madrid | Biblioteca del Ateneo de Madrid | Depósito Z | 17/01/2008 | Z-264 | 1170062 | 23/02/2023 | 23/02/2023 | Libro impreso antiguo |
